| 000 | 00580nam a22001937a 4500 | ||
|---|---|---|---|
| 003 | OSt | ||
| 005 | 20140310184331.0 | ||
| 008 | 121112t xxu||||| |||| 00| 0 eng d | ||
| 020 | _a0439376106 | ||
| 050 |
_aPZ 7 _b.P63123 2003 |
||
| 100 | _aPilkey, Dav | ||
| 245 |
_aCaptain Underpants and the Big, Bad Battle of the Bionic Booger Boy : _bPart1: The Night of the Nasty Nostril Nuggets / _cDav Pilkey |
||
| 260 |
_aNew York : _bScholastic Inc., _c2003. |
||
| 300 |
_a173 p. : _bill. ; _c19 cm. |
||
| 521 | _aG5 | ||
| 526 | _c710 | ||
| 942 |
_2lcc _cBK-SCHOLAS |
||
| 999 |
_c33663 _d33663 |
||